The discovery of the mind
Na minha lista:
| Autor principal: | |
|---|---|
| Formato: | Livro |
| Idioma: | inglês |
| Publicado em: |
Nueva York
Harper Torchbooks
1960
|
| Colecção: | Literature Philosophy
|
| Assuntos: | |
| Tags: |
Adicionar Tag
Sem tags, seja o primeiro a adicionar uma tag!
|
MARC
| LEADER | 00000nam a2200000 a 4500 | ||
|---|---|---|---|
| 001 | UCZ3870 | ||
| 003 | CL-VaPUC | ||
| 008 | 951027e19600000US |||||||||||||||||eng|d | ||
| 082 | 0 | 4 | |a 182 |b SNE |2 21 |
| 100 | 0 | |a Snell, Bruno |e author |9 347720 | |
| 245 | 1 | 4 | |a The discovery of the mind |
| 300 | |a 322 p | ||
| 942 | |c BK | ||
| 945 | |d 19951027 00:00:00 |a cmena | ||
| 260 | |a Nueva York |b Harper Torchbooks |c 1960 | ||
| 650 | 0 | |a Filosofía griega |9 265579 | |
| 650 | 0 | |a Mitología |9 255719 | |
| 650 | 0 | |a Tragedia griega |9 265362 | |
| 650 | 0 | |a Estética |9 264950 | |
| 650 | 0 | |a Teoría del conocimiento |9 255038 | |
| 650 | 0 | |a Virtud y vicio |9 310637 | |
| 650 | 0 | |a Lógica |9 256849 | |
| 650 | 0 | |a Filosofía de las ciencias |9 256466 | |
| 583 | |a last modification |c 19951027 00:00:00 |k Rodrigo Vera | ||
| 490 | 0 | |a Literature Philosophy | |
| 999 | |c 240316 |d 240314 | ||
| 952 | |0 0 |1 0 |4 0 |6 182_000000000000000_SNE_1960 |7 0 |8 P |9 252145 |a BIBEDU |b BIBEDU |c BIBEDU_PB |d 2019-11-18 |i 1591266 |o 182 SNE 1960 |p 1591266 |r 2024-01-25 |w 2019-11-18 |y BK |k FIL | ||